000 02556cam a22004577i 4500
001 20536176
003 OSt
005 20240221095614.0
008 180608t20182018nyua bc 000 0 eng c
010 _a 2018947599
020 _a9781580934718
020 _a1580934714
035 _a(OCoLC)ocn936532431
040 _aYDXCP
_beng
_erda
_cYDXCP
_dBTCTA
_dOCLCQ
_dMMX
_dOCLCO
_dBDX
_dOSU
_dPAU
_dOCLCF
_dEYM
_dDLC
042 _apcc
043 _an-cn---
050 0 0 _aNA1053.J4
_bA4 2018
082 _a 720.92
_bPAR
100 1 _aPare, Richard,
_ephotographer,
_ewriter of afterword.
_9119270
240 1 0 _aPhotographs.
_kSelections
245 1 0 _aLe Corbusier :
_bthe built work /
_cRichard Pare ; text by Jean-Louis Cohen.
260 _aNew york:
_bThe monacelli press;
_c2018.
300 _a480 pages :
_bcolor illustrations ;
_c27 x 30 cm
504 _aIncludes bibliographical references (pages 470-471).
520 _a"The most thoroughgoing survey of nearly all of Le Corbusier's extant projects, beautifully photographed and authoritatively detailed. Le Corbusier is widely acknowledged as the most influential architect of the twentieth century. As extensively researched and documented as his works are, however, they have never been exhaustively surveyed in photographs until now. Photographer Richard Pare has crossed the globe for years to document the extant works of Le Corbusier--from his first villas in Switzerland to his mid-career works in his role as the first global architect in locations as far-flung as Argentina and Russia, and his late works, including his sole North American project, at Harvard University, and an extensive civic plan for Chandigarh, India."--
600 0 0 _aLe Corbusier,
_d1887-1965
_vPictorial works.
_9120950
600 0 0 _aLe Corbusier,
_d1887-1965
_vCatalogs.
_9119257
600 0 7 _aLe Corbusier,
_d1887-1965.
_2fast
_931778
650 0 _aArchitectural photography
_zCanada.
_9120951
650 0 _aArchitecture, Modern
_y20th century
_vPictorial works.
_9118951
650 7 _aArchitectural photography.
_2fast
_931766
651 7 _aCanada.
_2fast
_996161
655 7 _aCatalogs.
_2fast
_998425
700 1 _aCohen, Jean-Louis,
_ewriter of added text.
_932596
700 0 _aLe Corbusier,
_d1887-1965.
_931778
906 _a7
_bcbc
_cpccadap
_d2
_eepcn
_f20
_gy-gencatlg
942 _2ddc
_cREF
_aSADA
_kREF 720.92 PAR 2018
999 _c607949
_d607949